Aprender a vivir: filosofía para mentes jóvenes

Na minha lista:
Detalhes bibliográficos
Autor principal: Ferry, Luc (Author)
Formato: Livro
Idioma:espanhol
Publicado em: Santiago Aguilar Chilena de Ediciones S. A 2012
Edição:1a. ed
Colecção:Pensamiento
Assuntos:
Tags: Adicionar Tag
Sem tags, seja o primeiro a adicionar uma tag!

MARC

LEADER 00000cam a2200000 a 4500
001 UCF9457
003 CL-VaPUC
008 131125e20121100cl |||||||||||||||||spa|d
020 |a 9789563474381 
082 0 4 |a 190  |b FER  |2 21 
100 0 |a Ferry, Luc  |e author  |9 461199 
245 1 0 |a Aprender a vivir: filosofía para mentes jóvenes 
250 |a 1a. ed 
300 |a 322 p 
942 |c BK 
945 |d 20131125 03:22:00  |a dcastane 
260 |a Santiago  |b Aguilar Chilena de Ediciones S. A  |c 2012 
650 0 |a Filosofía contemporánea  |9 265372 
650 0 |a Filosofía europea  |9 347047 
650 7 |a TEORIAS FILOSOFICAS  |2 CL-VaPUC  |9 468252 
583 |a last modification  |c 20131125 03:22:00  |k Rodrigo Vera 
490 0 |a Pensamiento 
999 |c 353900  |d 353898